000 00854nam a2200301 u 4500
001 68338
005 20260504074314.0
008 960313m19822001 spa
020 _a9681804945
035 _a68338
035 _a(OCoLC)778193103
040 _ccomduadb
041 _aspa
080 _aBG
082 4 _a530
100 1 0 _aPopov, Egor P
_4aut
_eaut
_9482306
245 1 0 _aIntroducción a la mecánica de sólidos
260 _aMedellín :
_bLimusa,
_c1982, 2001 (reimp.
300 _a652 páginas :
_bilustraciones
650 7 _aResistencia de materiales
_2lemb
_932828
650 7 _aElasticidad
_2lemb
_9869
650 _aSólidos
_92196
650 _aCables
_924300
650 7 _aTorsión
_2lemb
_916590
650 _aDeformación del plástico
_939530
650 7 _aEsfuerzos y deformaciones
_2armarc
_951356
942 _cBOOK
999 _c36175
_d36175